000
00429nam a2200145Ia 4500
008
100122s9999 xx 000 0 und d
082
_b
16619
_a
822
100
_a
खरे सुरेश
245
_a
सखी शेजारिणी
260
_b
जोशी ब्रदर्स
_c
1969
300
_a
80
630
_a
सखी शेजारिणी
730
_a
सखी शेजारिणी
942
_c
BOOK
999
_c
406537
_d
406534